La demanda judicial en las causas matrimoniales
Guardat en:
| Autor principal: | |
|---|---|
| Format: | Llibre |
| Idioma: | espanyol |
| Publicat: |
Pamplona
Eunsa
1977
|
| Edició: | 2a. ed |
| Col·lecció: | Canónica de la Universidad de Navarra
|
| Matèries: | |
| Etiquetes: |
Afegir etiqueta
Sense etiquetes, Sigues el primer a etiquetar aquest registre!
|
MARC
| LEADER | 00000nam a2200000 a 4500 | ||
|---|---|---|---|
| 001 | UCT7917 | ||
| 003 | CL-VaPUC | ||
| 008 | 970317e19770000SP |||||||||||||||||spa|d | ||
| 082 | 0 | 4 | |a 262.933 |b AMO |2 21 |
| 100 | 0 | |a Amo Pachón, León del |e author |9 379209 | |
| 245 | 1 | 3 | |a La demanda judicial en las causas matrimoniales |
| 250 | |a 2a. ed | ||
| 300 | |a 205 p | ||
| 942 | |c BK | ||
| 945 | |d 19970317 00:00:00 |a paguirre | ||
| 260 | |a Pamplona |b Eunsa |c 1977 | ||
| 650 | 7 | |a DERECHO CANONICO |2 CL-VaPUC |9 379210 | |
| 650 | 7 | |a MATRIMONIO |2 CL-VaPUC |9 379211 | |
| 650 | 7 | |a NULIDAD DEL MATRIMONIO |2 CL-VaPUC |9 379212 | |
| 650 | 0 | |a Iglesia Católica |9 256114 | |
| 650 | 7 | |a DEMANDA |2 CL-VaPUC |9 255172 | |
| 583 | |a last modification |c 19970317 00:00:00 |k Rodrigo Vera | ||
| 490 | 0 | |a Canónica de la Universidad de Navarra | |
| 999 | |c 256463 |d 256461 | ||
| 952 | |0 0 |1 0 |4 0 |6 262_933000000000000_AMO_1977 |7 0 |8 A |9 279211 |a BIBDER |b BIBDER |d 2019-11-19 |i 180961K |o 262.933 AMO 1977 |p 180961K |r 2023-01-25 |w 2019-11-19 |y BK |k DER | ||